000 00767nam a2200253 i 4500
001 185531
003 SpMaBN
005 20260610142459.0
008 160629s1990 sp |||| | spa d
020 _a84-7774-539-0
080 _a82.01
080 _a7.01
100 1 _aValéry, Paul,
_d1871-1945
_9243197
245 1 0 _aTeoría poética y estética /
_cPaul Valéry ; [traducción de Carmen Santos].
260 _aMadrid :
_bVisor,
_c[1990]
300 _a206 p. ;
_c22 cm.
490 1 _aLa balsa de la Medusa ;
_v39
650 0 7 _aPoética.
_916254
650 7 _aEstética
_2embne
_9142387
700 1 _aSantos, Carmen.
_9103465
830 0 3 _aLa balsa de la Medusa
_v39
_9178610
852 _aES-MaACL
_jL-30435
_z. - Donat. Miguel A. Velasco
999 _c185531
_d185531